<?xml version="1.0" encoding="UTF-8"?>
<record
    xmlns:xsi="http://www.w3.org/2001/XMLSchema-instance"
    xsi:schemaLocation="http://www.loc.gov/MARC21/slim http://www.loc.gov/standards/marcxml/schema/MARC21slim.xsd"
    xmlns="http://www.loc.gov/MARC21/slim">

  <leader>05344nam a22004097a 4500</leader>
  <controlfield tag="003">CHAP</controlfield>
  <controlfield tag="005">20241018100417.0</controlfield>
  <controlfield tag="007">ta</controlfield>
  <controlfield tag="008">230717s2021    mx ado|fom||| 001 0 spa d</controlfield>
  <datafield tag="040" ind1=" " ind2=" ">
    <subfield code="e">rda</subfield>
  </datafield>
  <datafield tag="041" ind1=" " ind2=" ">
    <subfield code="a">spa</subfield>
    <subfield code="b">eng</subfield>
  </datafield>
  <datafield tag="100" ind1="1" ind2=" ">
    <subfield code="9">45884</subfield>
    <subfield code="a">Garc&#xED;a Cruz, Leticia</subfield>
  </datafield>
  <datafield tag="240" ind1="1" ind2="0">
    <subfield code="a">Postharvest conservation and use of bioactive compounds from pitaya fruits (Stenocereus sp).</subfield>
    <subfield code="l">Espa&#xF1;ol</subfield>
  </datafield>
  <datafield tag="245" ind1="1" ind2="0">
    <subfield code="a">Conservaci&#xF3;n postcosecha y aprovechamiento de compuestos bioactivos de frutos de pitaya (Stenocereus sp.) / </subfield>
    <subfield code="c">Leticia Garc&#xED;a Cruz</subfield>
  </datafield>
  <datafield tag="264" ind1=" " ind2=" ">
    <subfield code="a">Chapingo, M&#xE9;xico :</subfield>
    <subfield code="b">El autor,</subfield>
    <subfield code="c">2021</subfield>
  </datafield>
  <datafield tag="300" ind1=" " ind2=" ">
    <subfield code="a">1 recurso en l&#xED;nea (xvii, 128 p&#xE1;ginas) :</subfield>
    <subfield code="b">ilustraciones, gr&#xE1;ficas, tablas, fotos</subfield>
  </datafield>
  <datafield tag="336" ind1=" " ind2=" ">
    <subfield code="2">rdacontent</subfield>
    <subfield code="a">texto</subfield>
    <subfield code="b">txt</subfield>
  </datafield>
  <datafield tag="337" ind1=" " ind2=" ">
    <subfield code="2">rdamedia</subfield>
    <subfield code="a">computadora</subfield>
    <subfield code="b">c</subfield>
  </datafield>
  <datafield tag="338" ind1=" " ind2=" ">
    <subfield code="2">rdacarrier</subfield>
    <subfield code="a">recurso en l&#xED;nea</subfield>
    <subfield code="b">cr</subfield>
  </datafield>
  <datafield tag="502" ind1=" " ind2=" ">
    <subfield code="a">Tesis</subfield>
    <subfield code="b">DCA</subfield>
    <subfield code="c">Agroindustrias</subfield>
    <subfield code="d">2021</subfield>
    <subfield code="g">DOC</subfield>
  </datafield>
  <datafield tag="504" ind1=" " ind2=" ">
    <subfield code="a">Incluye bibliograf&#xED;as</subfield>
  </datafield>
  <datafield tag="520" ind1="3" ind2=" ">
    <subfield code="a">Pitaya es el nombre del fruto de las cact&#xE1;ceas del g&#xE9;nero Stenocereus. Los frutos presentan espinas en la epidermis, las cuales se desprenden cuando el fruto madura. La pulpa puede tener distintos colores debido a la presencia de betala&#xED;nas. La vida postcosecha es corta e inferior a 5 d a temperatura ambiente, debido a proliferaci&#xF3;n de hongos, por lo que es necesario utilizar tecnolog&#xED;as que incrementen la vida de anaquel. Por ser una fuente importante de betala&#xED;nas, la pulpa puede aprovecharse para extraer este tipo de compuestos. El objetivo del trabajo fue incrementar la vida postcosecha del fruto de pitaya y desarrollar una estrategia para extraer compuestos bioactivos de su pulpa, con el fin de incrementar el valor agregado de este recurso fitogen&#xE9;tico. Se condujo un almacenamiento a 12 y 25 &#xB0;C con frutos de pitaya recubiertos con un biopol&#xED;mero formulado a base de goma guar e incorporados con aceite esencial de tomillo para controlar el desarrollo f&#xFA;ngico. La temperatura fue el factor que m&#xE1;s influy&#xF3; en la conservaci&#xF3;n postcosecha. El recubrimiento, en combinaci&#xF3;n con manejo a 12 &#xB0;C, redujo la p&#xE9;rdida de peso, mantuvo la apariencia y ayud&#xF3; a mantener las caracter&#xED;sticas de calidad, as&#xED; como el contenido fitoqu&#xED;mico durante 15 d. En adici&#xF3;n, se evalu&#xF3; el uso de sistemas acuosos bif&#xE1;sicos con citrato de sodio (Na3Cit) entre 6.57 y 34.05 % y 1-propanol entre 4.21 y 60.54 % y se demostr&#xF3; el potencial para separar betala&#xED;nas con eficiencia superior a 90 %. Con un sistema basado en 1-propanol y citrato de sodio en concentraciones de 60.54 y 6.57 %, respectivamente, aplicado en etapas m&#xFA;ltiples, se obtuvieron cuatro fracciones con tonalidad que vari&#xF3; del amarillo al rojo y se confirm&#xF3; el potencial de pigmentaci&#xF3;n de bebidas l&#xE1;cteas. Se demostr&#xF3; la factibilidad de incrementar el valor agregado del fruto de pitaya.</subfield>
  </datafield>
  <datafield tag="520" ind1="3" ind2=" ">
    <subfield code="a">Pitaya is the name of the fruit of the cacti of the genus Stenocereus. The fruits have thorns on the epidermis which are detached when the fruit ripens. The pulp can have different colors due to the presence of betalains. The postharvest life is short and less than 5 d at room temperature due to the proliferation of fungi, so it is necessary to use technologies to increase the shelf life. Being an important source of betalains, the pulp can be used to extract this type of compounds. The objectives of the work were to increase the postharvest life of the pitaya fruit and to develop a strategy to extract bioactive compounds from its pulp in order to increase the added value of this phytogenetic resource. Storing was conducted at 12 and 25 &#xB0;C with pitaya fruits coated with a biopolymer formulated based on guar gum and incorporated with thyme essential oil to control fungal development. Temperature was the factor that most influenced postharvest conservation. The coating, in combination with handling at 12 &#xB0;C, reduced weight loss, maintained appearance, and helped maintaining quality characteristics, as well as the phytochemical content for 15 d. In addition, the use of aqueous biphasic systems with sodium citrate (Na3Cit) between 6.57 and 34.05% and 1-propanol between 4.21 and 60.54% was evaluated and the potential to separate betalains with efficiency greater than 90% was demonstrated. With a system based on 1- propanol and sodium citrate in concentrations of 60.54 and 6.57%, respectively, applied in multiple stages, four fractions with hue that varied from yellow to red were obtained and the pigmentation potential of dairy beverages was confirmed. The feasibility of increasing the added value of the pitaya fruit was demonstrated</subfield>
  </datafield>
  <datafield tag="650" ind1="1" ind2="3">
    <subfield code="9">109642</subfield>
    <subfield code="a">Stenocereus</subfield>
    <subfield code="x">Tecnolog&#xED;a postcosecha</subfield>
  </datafield>
  <datafield tag="650" ind1="1" ind2="3">
    <subfield code="9">109642</subfield>
    <subfield code="a">Stenocereus</subfield>
    <subfield code="x">Compuestos bioactivos alimenticios</subfield>
  </datafield>
  <datafield tag="650" ind1="1" ind2="3">
    <subfield code="9">109642</subfield>
    <subfield code="a">Stenocereus</subfield>
    <subfield code="x">Propiedades fisicoqu&#xED;micas</subfield>
  </datafield>
  <datafield tag="650" ind1="1" ind2="3">
    <subfield code="9">144378</subfield>
    <subfield code="a">Preservaci&#xF3;n de alimentos</subfield>
  </datafield>
  <datafield tag="650" ind1="1" ind2="3">
    <subfield code="9">109642</subfield>
    <subfield code="a">Stenocereus</subfield>
    <subfield code="x">Postharvest technology</subfield>
  </datafield>
  <datafield tag="650" ind1="1" ind2="3">
    <subfield code="9">109642</subfield>
    <subfield code="a">Stenocereus</subfield>
    <subfield code="x">Bioactive food compounds</subfield>
  </datafield>
  <datafield tag="650" ind1="1" ind2="3">
    <subfield code="9">109642</subfield>
    <subfield code="a">Stenocereus</subfield>
    <subfield code="x">Physicochemical properties</subfield>
  </datafield>
  <datafield tag="650" ind1="1" ind2="3">
    <subfield code="9">147450</subfield>
    <subfield code="a">Food preservation</subfield>
  </datafield>
  <datafield tag="700" ind1="1" ind2=" ">
    <subfield code="9">151202</subfield>
    <subfield code="a">Valle Guadarrama, Salvador</subfield>
    <subfield code="e">director</subfield>
  </datafield>
  <datafield tag="700" ind1="1" ind2=" ">
    <subfield code="9">149184</subfield>
    <subfield code="a">Guerra Ram&#xED;rez, Diana</subfield>
    <subfield code="e">asesora</subfield>
  </datafield>
  <datafield tag="700" ind1="1" ind2=" ">
    <subfield code="a">Mart&#xED;nez Dami&#xE1;n, Ma. Teresa</subfield>
    <subfield code="e">asesora</subfield>
    <subfield code="9">155185</subfield>
  </datafield>
  <datafield tag="856" ind1="4" ind2="0">
    <subfield code="u">http://10.13.5.2/tesis/td/1713067-7_LETICIA_GARCIA_CRUZ.pdf</subfield>
    <subfield code="z">DESCARGAR PDF</subfield>
  </datafield>
  <datafield tag="942" ind1=" " ind2=" ">
    <subfield code="c">TD</subfield>
  </datafield>
  <datafield tag="999" ind1=" " ind2=" ">
    <subfield code="c">219041</subfield>
    <subfield code="d">219041</subfield>
  </datafield>
  <datafield tag="952" ind1=" " ind2=" ">
    <subfield code="0">0</subfield>
    <subfield code="1">0</subfield>
    <subfield code="2">local</subfield>
    <subfield code="4">0</subfield>
    <subfield code="7">0</subfield>
    <subfield code="8">TesdigD</subfield>
    <subfield code="a">IA_</subfield>
    <subfield code="b">IA_</subfield>
    <subfield code="c">E_L</subfield>
    <subfield code="d">2023-07-17</subfield>
    <subfield code="e">El autor</subfield>
    <subfield code="l">0</subfield>
    <subfield code="p">1201013735</subfield>
    <subfield code="r">2023-07-17 00:00:00</subfield>
    <subfield code="w">2023-07-17</subfield>
    <subfield code="y">TD</subfield>
  </datafield>
  <datafield tag="952" ind1=" " ind2=" ">
    <subfield code="0">0</subfield>
    <subfield code="1">0</subfield>
    <subfield code="2">local</subfield>
    <subfield code="4">0</subfield>
    <subfield code="5">1</subfield>
    <subfield code="7">0</subfield>
    <subfield code="8">TesdigD</subfield>
    <subfield code="a">BD</subfield>
    <subfield code="b">BD</subfield>
    <subfield code="c">E_L</subfield>
    <subfield code="d">2024-04-17</subfield>
    <subfield code="e">El autor</subfield>
    <subfield code="l">0</subfield>
    <subfield code="o">Tesis digital</subfield>
    <subfield code="p">1301013735</subfield>
    <subfield code="r">2024-04-17 00:00:00</subfield>
    <subfield code="w">2024-04-17</subfield>
    <subfield code="y">TD</subfield>
  </datafield>
</record>
